000 00391nam a2200133Ia 4500
008 100328s9999 xx 000 0 und d
082 _b40855
100 _aआपटे ह.ना.
245 _aयशवंतराव खरे.
260 _bआर्यभूषण
630 _aयशवंतराव खरे.
730 _aयशवंतराव खरे.
942 _cBOOK
999 _c529562
_d529559